000 00555nam a22002297a 4500
003 UA-OsUOA
001 48876
007 ta
008 20070912b un ||||| |||| 00| 0 ukr d
100 _aКороленко В.Г.
090 _a82
_bК68
942 _cBK
040 _aUA-OsUOA
_brus
_cUA-OsUOA
_dUA-OsUOA
245 _aРассказы и очерки
300 _a79 с.
955 _a2
041 _arus
080 _a82
260 _aМ.
650 7 _a82 Література. Літературознавство
_2UDC
999 _c334874
_d334874